000 01079cab a2200181 4500
001 ##L33215
008 060420n2006 000 0 eng u
035 _a(Sirsi) u133215
041 0 _aeng
100 1 _aPatterson, Alan
245 0 0 _aEastern European property stocks take AIM
260 _c2006
490 0 _aProperty Forecast
_v9(3) March 2006, 12-13(2)
520 _aOver the past few years, there has been significant acceleration in the Alternative Investment Market (AIM). For instance, in September 2002, there was a total of 686 companies listed on it; by September 2005, this figure has risen to 1 311. By March 2006, the Stock Exchange accounted for 69% of Western Europe flotations, suggesting that AIM has attracted attention for companies seeking to raise capital. Many property companies are now tapping into the emerging Eastern European property market. This paper introduces some of these key players and assesses their prospects.
590 _aIKA250406
690 _aPROPERTY-COMMERCIAL PROPERTY-COMMERCIAL PROPERTY FINANCE AND INVESTMENT
942 _n0
999 _c76869
_d76869